02440 2200337 4500001002100000005001500021035002000036007000300056008004100059020001800100082001100118084002000129100002200149245013400171250001700305300003100322650001200353700004100365700003100406520145900437264003601896336002101932337003001953338002301983990001602006990001602022990001602038990001602054990001602070990001602086INLIS00000000116278720221212115606 a0010-1222000023ta221212 e 0 ind  a979-593-245-4 a346.02 aSR 346.02 RAI m1 aRai Widjaya, I.G.1 aMerancang suatu kontrak (contract drafting) /cI.G. Rai Widjaya; penyunting penyelia, Herman Sudrajat; penyunting, Susi Aprilyana aEdisi Revisi axvii, 238 halaman ;c20 cm 4aKontrak0 aHerman Sudrajatepenyunting penyelia0 aSusi Aprilyanaepenyunting aKontrak harus dibuat dan dirancang dengan mengindahkan ketentuan-ketentuan yang berlaku mempunyai maksud dan tujuan untuk mencegah jangan sampai suatu kontrak yang dibuat menjadi mubazir,batal atau dapat dibatalkan sebelum pelaksanaannya dapat direalisasikan. Sebagaimana diketahui, untuk lahirnya suatu perjanjian sebenarnya tidak dipersyaratkan harus dibuat secara tertulis karena dengan telah tercapainya kesepakatan antara pihak-pihak yang terkontrak tentang hal-hal pokok dari suatu perjanjian lahirlah suatu perjanjian yang sah. Namun ada kecenderungan dalam banyak hal bahwa perjanjian-perjanjian sekarang sengaja dituangkan dalam tulisan. Hal ini tentunya dengan berbagai pertimbangan dan alsan, antara lain untuk membuat dokumen tertulis dengan maksud dapat dipergunakan sebagai alat bukti dalam suatu proses hukum, baik dalam waktu dekat maupun kemudian hari. Dengan kemajuan zaman, tindakan antisipasi amat bermanfaat antara lain demi kepastian hukum, lebih-lebih apabila di kemudian hari ternyata dokumen yang dimiliki dapat dipergunakan sebagai alas hak dan bukti untuk mencegah timbulnya perselisihan dan timbulnya kerugian yang tidak dikehendaki. Diharapkan pembahasan buku ini dapat membantu memberikan gambaran yang lebih jelas tentang bagaimana, mengapa dan apa fungsi suatu materi atau alasan-alasan kenapa. Dalam uraian-uraian yang diberikan juga dilengkapi dengan contoh-contoh atau kasus-kasus yang berkaitan dengan subjek terkait. aJakarta :bKesaint Blanc,c2019 2rdacontentateks 2rdamediaatanpa perantara 2rdacarrieravolume a50347.63167 a50348.63168 a50347.63167 a50348.63168 a50348.63168 a50347.63167